|
|
|
|
| LEADER |
01079nam a2200277 u 4500 |
| 001 |
10017660 |
| 003 |
upatras |
| 005 |
20210117205118.0 |
| 008 |
881025s us eng |
| 020 |
|
|
|a 0316099910
|
| 040 |
|
|
|a GR-PaULI
|c GR-PaULI
|
| 041 |
0 |
|
|a eng
|
| 082 |
0 |
4 |
|a WS 200
|
| 100 |
1 |
|
|a Blank, Eugene
|9 140041
|
| 245 |
1 |
0 |
|a Pediatric images
|b casebook of differential diagnosis
|c Eugene Blank; with photography by Paul D. Miller, Steven Frick
|
| 260 |
|
|
|a New York
|b Lippincott - Raven Publishers
|
| 300 |
|
|
|a xiii, 1246 p.
|b fig.
|c 30 cm
|
| 504 |
|
|
|a Includes bibliographical references and index
|
| 650 |
|
4 |
|a Διάγνωση
|9 3189
|
| 650 |
|
4 |
|a Παιδιατρική
|9 1696
|
| 700 |
1 |
|
|a Miller, Paul D.
|4 pht
|9 140042
|
| 700 |
1 |
|
|a Frick, Steven
|4 pht
|9 140043
|
| 852 |
|
|
|a GR-PaULI
|b ΠΑΤΡΑ
|b ΙΑΤΡΙΚΗ
|k ΑΣΧΞ-10
|h WS 200 BLA
|m 3399
|p 025000027784
|t 1
|
| 942 |
|
|
|2 ddc
|c BK15
|
| 952 |
|
|
|0 0
|1 0
|4 0
|6 WS_200_000000000000000_BLA
|7 0
|9 169137
|a MEDI
|b MEDI
|d 2016-04-24
|i 3399
|l 0
|o WS 200 BLA
|p 025000027784
|r 2016-04-24 00:00:00
|t 1
|w 2016-04-24
|y BK15
|
| 999 |
|
|
|c 105787
|d 105787
|